000
00306nam a22001337a 4500
020
_a
97881-87326-748
082
_a
920
_b
MUR/W
100
_a
KRISHNAMURTI,J
245
_a
THE WHOLE MOVEMENT OF LIFE IS LEARNING
260
_a
ENGLAND
300
_a
260
650
_a
KRISHNAMURTI'S LIFE
_z
ENGLAND
942
_c
BK
999
_c
5774
_d
5774